<?xml version="1.0" encoding="UTF-8"?><?xml-stylesheet type="text/xsl" href="static/style.xsl"?><OAI-PMH xmlns="http://www.openarchives.org/OAI/2.0/" xmlns:xsi="http://www.w3.org/2001/XMLSchema-instance" xsi:schemaLocation="http://www.openarchives.org/OAI/2.0/ http://www.openarchives.org/OAI/2.0/OAI-PMH.xsd"><responseDate>2026-04-14T08:39:34Z</responseDate><request verb="GetRecord" identifier="oai:www.recercat.cat:2072/172039" metadataPrefix="marc">https://recercat.cat/oai/request</request><GetRecord><record><header><identifier>oai:recercat.cat:2072/172039</identifier><datestamp>2024-12-13T09:23:10Z</datestamp><setSpec>com_2072_96866</setSpec><setSpec>com_2072_96865</setSpec><setSpec>com_2072_96852</setSpec><setSpec>com_2072_2015</setSpec><setSpec>col_2072_96868</setSpec></header><metadata><record xmlns="http://www.loc.gov/MARC21/slim" xmlns:dcterms="http://purl.org/dc/terms/" xmlns:xsi="http://www.w3.org/2001/XMLSchema-instance" xmlns:doc="http://www.lyncode.com/xoai" xsi:schemaLocation="http://www.loc.gov/MARC21/slim http://www.loc.gov/standards/marcxml/schema/MARC21slim.xsd">
   <leader>00925njm 22002777a 4500</leader>
   <datafield ind2=" " ind1=" " tag="042">
      <subfield code="a">dc</subfield>
   </datafield>
   <datafield ind2=" " ind1=" " tag="720">
      <subfield code="a">Gros Salvat, Begoña</subfield>
      <subfield code="e">author</subfield>
   </datafield>
   <datafield ind2=" " ind1=" " tag="720">
      <subfield code="a">Sancho Vinuesa, Teresa</subfield>
      <subfield code="e">author</subfield>
   </datafield>
   <datafield ind2=" " ind1=" " tag="720">
      <subfield code="a">Borges Sáiz, Federico</subfield>
      <subfield code="e">author</subfield>
   </datafield>
   <datafield ind2=" " ind1=" " tag="720">
      <subfield code="a">Bautista Pérez, Guillermo</subfield>
      <subfield code="e">author</subfield>
   </datafield>
   <datafield ind2=" " ind1=" " tag="720">
      <subfield code="a">García González, Iolanda</subfield>
      <subfield code="e">author</subfield>
   </datafield>
   <datafield ind2=" " ind1=" " tag="720">
      <subfield code="a">López-Pérez, Cristina</subfield>
      <subfield code="e">author</subfield>
   </datafield>
   <datafield ind2=" " ind1=" " tag="720">
      <subfield code="a">Mas García, Xavier</subfield>
      <subfield code="e">author</subfield>
   </datafield>
   <datafield ind2=" " ind1=" " tag="720">
      <subfield code="a">Lara Navarra, Pablo</subfield>
      <subfield code="e">author</subfield>
   </datafield>
   <datafield ind2=" " ind1=" " tag="520">
      <subfield code="a">Las autoras y autores de este libro ofrecen una descripción de la evolución general del e-learning apuntando los elementos clave hacia los que debe ir evolucionando. Parten de la experiencia y la práctica contrastada con las investigaciones sobre el tema. A lo largo de los distintos capítulos nos muestran cómo vive un estudiante virtual, su papel y la manera en que plantea y organiza sus actividades; nos acercan al profesorado analizando su rol en el diseño de la formación y la comunicación con los estudiantes; hablan de la colaboración, analizando cómo diseñar actividades colaborativas y señalando sus ventajas y límites; describen los diferentes recursos de aprendizaje que podemos disponer en el diseño de los cursos y, por último, acompañan nuestra mirada hacia el futuro próximo analizando las tendencias y los retos a los que debemos hacer frente para construir el e-learning del siglo XXI.</subfield>
   </datafield>
   <datafield ind2=" " ind1=" " tag="520">
      <subfield code="a">Les autores i autors d'aquest llibre ofereixen una descripció de l'evolució general de l'e-learning apuntant els elements clau cap als que ha d'anar evolucionant. Parteixen de l'experiència i la pràctica contrastada amb les investigacions sobre el tema. Al llarg dels diferents capítols ens mostren com viu un estudiant virtual, el seu paper i la manera com planteja i organitza les seves activitats; ens acosten al professorat analitzant el seu rol en el disseny de la formació i la comunicació amb els estudiants; parlen de la col·laboració, analitzant com dissenyar activitats col·laboratives i assenyalant els seus avantatges i límits; descriuen els diferents recursos d'aprenentatge que podem disposar en el disseny dels cursos i, finalment, acompanyen la nostra mirada cap al futur pròxim analitzant les tendències i els reptes als que hem de fer front per construir l'e-learning del segle XXI.</subfield>
   </datafield>
   <datafield ind2=" " ind1=" " tag="520">
      <subfield code="a">The authors of this book provide a general description on the evolution of e-learning and how it have to evolve. It is shown how virtual students live their role and how activities are planned and organized; approaching the professor's role in designing the activities and communication with students, etc.</subfield>
   </datafield>
   <datafield ind1="8" ind2=" " tag="024">
      <subfield code="a">http://hdl.handle.net/10609/9781</subfield>
   </datafield>
   <datafield tag="653" ind2=" " ind1=" ">
      <subfield code="a">e-learning</subfield>
   </datafield>
   <datafield tag="653" ind2=" " ind1=" ">
      <subfield code="a">e-learning</subfield>
   </datafield>
   <datafield tag="653" ind2=" " ind1=" ">
      <subfield code="a">e-learning</subfield>
   </datafield>
   <datafield tag="653" ind2=" " ind1=" ">
      <subfield code="a">Internet in higher education</subfield>
   </datafield>
   <datafield tag="653" ind2=" " ind1=" ">
      <subfield code="a">Education, Higher -- Technological innovations</subfield>
   </datafield>
   <datafield tag="653" ind2=" " ind1=" ">
      <subfield code="a">Web-based instruction -- Study and teaching (Higher)</subfield>
   </datafield>
   <datafield tag="653" ind2=" " ind1=" ">
      <subfield code="a">Internet en l'ensenyament universitari</subfield>
   </datafield>
   <datafield tag="653" ind2=" " ind1=" ">
      <subfield code="a">Ensenyament virtual -- Ensenyament universitari</subfield>
   </datafield>
   <datafield tag="653" ind2=" " ind1=" ">
      <subfield code="a">Ensenyament universitari -- Innovacions tecnològiques</subfield>
   </datafield>
   <datafield tag="653" ind2=" " ind1=" ">
      <subfield code="a">Enseñanza universitaria -- Innovaciones tecnológicas</subfield>
   </datafield>
   <datafield tag="653" ind2=" " ind1=" ">
      <subfield code="a">Internet en la enseñanza universitaria</subfield>
   </datafield>
   <datafield tag="653" ind2=" " ind1=" ">
      <subfield code="a">Enseñanza virtual -- Enseñanza universitaria</subfield>
   </datafield>
   <datafield ind2="0" ind1="0" tag="245">
      <subfield code="a">Evolución y retos de la educación virtual : construyendo el e-learning del siglo XXI</subfield>
   </datafield>
</record></metadata></record></GetRecord></OAI-PMH>